00951nas a2200229Ia 4500001001100000003000900011008004100020040001300061040001300074041001300087100004500100210001200145222001200157245008600169250001100255260003000266501008600296300001700382362002400399500026200423650003600685R033/43970IT-RoPAU151124c99999999xx |||||||||||| ||und|| aIT-RoPAU cIT-RoPAU aITALIANO aRausa GiuseppegCodice Aut. SPICS: 18447 aSCHERMO aSchermo aSCHERMO, N.2/3-FEBBRAIO 1983bTrasgressione E Gioco Nel Cinema di R.W. Fassbinder a1a ed. aMONZAbPROTOCULTURAc1983 bPaulus - SPICS - Società San Paolo EM (non-commercial uses only)cCopyright2015 a25 p. [4-28] aN.2/3-FEBBRAIO 1983 aLacrime Amare di Petra Von Kant: Esperimento Teatrale. Selvaggina di Passo: un Mondo Sgradevole. La Paura Mangia L'Anima: una Favola Ironica. Effi Briest: una "Finta" Illustrazione. Il Diritto del più Forte: un Serio Apologo. Roulette Cinese: un Esplicito aCINEMAvPUBBLICAZIONE PERIODICA